000 00368 a2200169 4500
001 189290
020 _a978-85-7153-293-9
040 _cMagnum
100 _aAmorim, José Roberto de
240 1 0 _aO vermelho da maçã
_lpor
245 1 0 _aO vermelho da maçã
300 _a196
362 0 _a2012
440 1 _aRHJ
697 _aLITERATURA JUVENIL
942 _cBK
999 _c189290
_d189290